[Event "St Petersburg Korchnoi Memorial op"]
[Site "St Petersburg"]
[Date "2024.08.22"]
[Round "9"]
[White "Kazakov, Alexandr Ivan"]
[Black "Esaulov, Aleksandr"]
[Result "1/2-1/2"]
[WhiteElo "1723"]
[BlackElo "1577"]
[PlyCount "44"]
[EventDate "2024.08.17"]
[EventType "swiss"]
[EventRounds "9"]
[EventCountry "RUS"]
[SourceTitle "EXT 2025"]
[Source "ChessBase"]
[SourceDate "2024.10.14"]
[SourceVersion "1"]
[SourceVersionDate "2024.10.14"]
[SourceQuality "1"]

1. e4 e6 2. d4 d5 3. e5 c5 4. c3 Nc6 5. Nf3 Bd7 6. Be2 cxd4 7. cxd4 Nh6 8. Bxh6 gxh6 9. 0-0 Rg8 10. Nc3 Bb4 11. a3 Bxc3 12. bxc3 Ne7 13. Bd3 Ng6 14. Qd2 Nh4 15. Nxh4 Qxh4 16. Bxh7 Rxg2+ 17. Kxg2 Qg4+ 18. Kh1 Qf3+ 19. Kg1 Qg4+ 20. Kh1 Qf3+ 21. Kg1 Qg4+ 22. Kh1 Qf3+ 1/2-1/2

[Event "St Petersburg Korchnoi Memorial op"]
[Site "St Petersburg"]
[Date "2024.08.17"]
[Round "1"]
[White "Kazakov, Alexandr Ivan"]
[Black "Pischasov, Alexander"]
[Result "1/2-1/2"]
[WhiteElo "1723"]
[BlackElo "2073"]
[PlyCount "107"]
[EventDate "2024.08.17"]
[EventType "swiss"]
[EventRounds "9"]
[EventCountry "RUS"]
[SourceTitle "CBM 221 Extra"]
[Source "ChessBase"]
[SourceDate "2024.09.30"]
[SourceVersion "1"]
[SourceVersionDate "2024.09.30"]
[SourceQuality "1"]

1. e4 e5 2. Nf3 Nc6 3. Bb5 Nf6 4. 0-0 Nxe4 5. d4 Nd6 6. Bxc6 dxc6 7. dxe5 Nf5 8. Qxd8+ Kxd8 9. Rd1+ Ke8 10. Nc3 Bd7 11. Bf4 Rd8 12. g4 Ne7 13. h3 h5 14. Ng5 hxg4 15. hxg4 Be6 16. Rxd8+ Kxd8 17. Nxe6+ fxe6 18. Ne4 Nd5 19. Rd1 Ke8 20. Bg3 Be7 21. c4 Nb6 22. b3 Nd7 23. f4 g6 24. Kg2 a6 25. Rh1 Rxh1 26. Kxh1 b5 27. cxb5 cxb5 28. Kg2 Nb6 29. Kf3 Nd5 30. Bf2 Nb4 31. a4 bxa4 32. bxa4 Nd3 33. Bd4 Kd7 34. Ke3 Nb4 35. Bc5 Nd5+ 36. Kf3 Kc6 37. Bd4 Nb6 38. Nc3 Bb4 39. Ke4 Bxc3 40. Bxc3 Nxa4 41. Bd4 Kd7 42. f5 gxf5+ 43. gxf5 exf5+ 44. Kxf5 Nb6 45. e6+ Ke8 46. Bc5 a5 47. Ke5 Na4 48. Bd4 c5 49. Be3 Nb2 50. Bxc5 Nd3+ 51. Kd4 Nxc5 52. Kxc5 Ke7 53. Kb5 Kxe6 54. Kxa5 1/2-1/2